| 000 | 01034nam a22002897a 4500 | ||
|---|---|---|---|
| 999 |
_c440804 _d440804 |
||
| 003 | BLK | ||
| 005 | 20250213093228.0 | ||
| 008 | 210317b bu ||||| |||| 00| 0 bu d | ||
| 020 | _a9789542836520 | ||
| 040 | _aBLK | ||
| 041 |
_aBUL _cBUL |
||
| 080 |
_b001.9 _z001.9 |
||
| 100 |
_9436496 _aСмит, Даниел _eпърви автор |
||
| 139 |
_aСмит, Даниел _bС 47 |
||
| 245 |
_a100 неща, които те не искат да знаете _cДаниел Смит; прев. Деян Кючуков |
||
| 257 | _aUSA | ||
| 260 |
_9217021 _aСофия _bСиела Норма _c2021 _n978-954-28- |
||
| 300 |
_a249 с. _bсъс сн.. _c24 см |
||
| 380 | _a0 | ||
| 650 | 7 |
_9159180 _aКонспирации |
|
| 653 | 7 |
_9186740 _aзагадки |
|
| 700 |
_aКючуков, Деян Любомиров _d1969- _eпрев. от англ. _9469012 |
||
| 730 |
_t100 Things They Don't Want You to Know _9443342 |
||
| 942 |
_cKNG _n0 _s1 _014 |
||
| 944 |
_k30575 _lМартин Енчев |
||
| 999 | _d440804 | ||